000 00311nam a22001337a 4500
008 190305b xxu||||| |||| 00| 0 eng d
020 _a9780534375973
041 _aeng
080 _22nd
_a004
100 _a28
101 _aSHK
245 _aData Structures and Algorithms in C++
_cDrozdek,A
942 _2udc
_cBK
999 _c54460
_d54460